| 000 | 00920nam a2200265 a 4500 | ||
|---|---|---|---|
| 001 | 60392 | ||
| 003 | BD-RjUL | ||
| 005 | 20211209080832.0 | ||
| 008 | 161229r19881983enka b 001 0 eng | ||
| 020 | _a0415010519 | ||
| 035 | _a(BD-RjUL)60516 | ||
| 040 |
_aDLC _cDLC _dBD-RjUL _beng |
||
| 041 | _aeng | ||
| 082 | 0 | 0 |
_a378.03 _223 _bDIS 1988 |
| 245 | 0 | 0 |
_aDistance education : _binternational perspectives / _cedited by David Sewart, Desmond Keegan and Börje Holmberg. |
| 260 |
_aLondon ; _aNew York : _bRoutledge, _cc1988. |
||
| 300 |
_axiii, 445 p. : _bill. ; _c22 cm. |
||
| 500 | _aReprint. Originally published: London : Croom Helm ; New York : St. Martin's Press, 1983. | ||
| 504 | _aIncludes bibliographical references and index. | ||
| 650 | 0 |
_aDistance education. _9179733 |
|
| 700 | 1 |
_aSewart, David. _9179734 |
|
| 700 | 1 |
_aKeegan, Desmond. _9179735 |
|
| 700 | 1 |
_aHolmberg, Börje. _9179736 |
|
| 942 |
_2ddc _cBK |
||
| 999 |
_c60392 _d60392 |
||